Statistiques concernant Les Pokémons de type Psy

Cliquez ici pour prendre le quiz!

Statistiques générales

  • Ce quiz a été pris 234 fois
    (127 depuis la dernière actualisation)
  • Le résultat moyen est 73 sur 109

Statistiques - réponses

GenType 1Type 2Pokémon% Correct
I063PsyAbra
96%
I065PsyAlakazam
96%
I064PsyKadabra
96%
I026PsyElectrikRaichu
91%
I080PsyEau | PoisonFlagadoss
89%
I151PsyMew
89%
I150PsyMewtwo
89%
III282PsyFéeGardevoir
87%
I097PsyHypnomade
87%
III281PsyFéeKirlia
87%
I079PsyEauRamoloss
87%
I096PsySoporifik
87%
III280PsyFéeTarsal
87%
I124PsyGlaceLippoutou
85%
I122PsyFée | GlaceM. Mime
85%
I144PsyVolArtikodin
82%
III376PsyAcierMétalosse
82%
III375PsyAcierMetang
82%
IV475PsyCombatGallame
80%
II238PsyGlaceLippouti
80%
II177PsyVolNatu
80%
II199PsyEau | PoisonRoigada
80%
III374PsyAcierTerhal
80%
II178PsyVolXatu
80%
III385PsyAcierJirachi
78%
III344PsySolKaorine
78%
III380PsyDragonLatias
78%
III381PsyDragonLatios
78%
III343PsySolBalbuto
76%
III308PsyCombatCharmina
76%
III386PsyDeoxys
76%
III338PsyRocheSolaroc
76%
II251PsyPlanteCelebi
75%
IV439PsyFéeMime jr
75%
I103PsyPlanteNoadkoko
75%
I102PsyPlanteNoeunoeuf
75%
III337PsyRocheSéléroc
75%
V494PsyFeuVictini
75%
IV493PsyArceus
73%
IV437PsyAcierArchéodong
73%
IV436PsyAcierArchéomire
73%
IV482PsyCréfadet
73%
IV481PsyCréfollet
73%
IV480PsyCréhelf
73%
III307PsyCombatMéditikka
73%
V575PsyMesmérella
73%
V574PsyScrutella
73%
V561PsyVolCryptéro
71%
VI655PsyFeuGoupelin
71%
V577PsyNucléos
71%
V576PsySidérella
71%
II249PsyVolLugia
69%
V517PsyMunna
69%
V579PsySymbios
69%
V578PsyMéios
67%
V518PsyMushana
67%
IV488PsyCresselia
65%
II203PsyNormalGirafarig
65%
I121PsyEauStaross
64%
VIII866PsyGlaceM. Glaquette
62%
VI687PsyTénèbresSepiatroce
62%
V605PsyLewsor
60%
V648PsyNormalMeloetta
60%
II201PsyZarbi
60%
V527PsyVolChovsourir
58%
V606PsyNeitram
58%
V528PsyVolRhinolove
58%
VI686PsyTénèbresSepiatop
58%
V555PsyFeuDarumacho
56%
I078PsyFéeGalopa
56%
III326PsyGroret
56%
I077PsyPonyta
56%
VII773PsySilvallié
56%
III325PsySpoink
56%
VI720PsySpectre | TénèbresHoopa
55%
II196PsyMentali
55%
VII779PsyEauDenticrisse
53%
VI678PsyMistigrix
53%
VI677PsyPsystigri
51%
II202PsyQulbutoké
51%
VIII896PsyGlace | Plante | SpectreSylveroy
51%
VIII826PsyInsecteAstronelle
47%
III358PsyEoko
47%
IV433PsyKorillon
47%
VII792PsySpectreLunala
47%
VII800PsyNecrozma
47%
III360PsyOkéoké
47%
VII791PsyAcierSolgaleo
47%
VIII825PsyInsecteColéodôme
45%
V628PsyVolGueriaigle
45%
VIII858PsyFéeSorcilence
45%
VIII876PsyNormalWimessir
45%
VIII856PsyBibichut
42%
VIII857PsyChapotus
40%
VII789PsyCosmog
40%
VII790PsyCosmovum
40%
VII741PsyVolPlumeline
40%
VII786PsyFéeTokopiyon
40%
VII765PsyNormalGouroutan
38%
VIII899PsyNormalCerbyllin
35%

Distribution des résultats

Percentile par nombre de réponses

% des personnes avec chaque résultat

Votre développement - résultats

Vous n’avez pas pris ce quiz depuis la dernière actualisation